000 00748nas a2200253 4500
001 BR2015005911
003 BR-BrBNA
005 20231205125822.0
007 ta
008 230509b bl.|||p| |||| 00| 00por d
040 _aBR-BrBNA
_bpor
_cBiblioteca Nacional de Agricultura
041 _a(Pt)
072 _aL01
100 1 _aBellezzo, F.
245 1 _aAtendimento emergencial da cólica: do haras ao hospital
650 _aVETERINARIA
650 _aCOLICA
650 _aEMERGENCIA
650 _aEGUA
650 _aEQUINO
773 0 _tVZ em Minas. Revista Veterinária e Zootecnia em Minas (Brazil)
_xISSN 2179-9482
_g(Apr-Jun 2015), no. 125 p. 45-48
_wBR2015005911
909 _a202311
_bLúcia
_c55
_dLúcia Elande
942 _2AGRIS
_n0
_cANA
999 _c246321
_d246321